| 000 | 01975cam a22005414i 4500 | ||
|---|---|---|---|
| 003 | PE-LiUPU | ||
| 005 | 20250731184600.0 | ||
| 008 | 150706s r 000 0 d | ||
| 020 | _a9789972337680 | ||
| 035 | _a(Sirsi) i9789972337680 | ||
| 040 |
_aPE-LiUPU _bspa _cPE-LiUPU _erda |
||
| 049 | _aPRUA | ||
| 082 | 0 | 4 |
_a985.01 _bO81 _221 |
| 100 | 1 |
_aOsorio Olazábal, Mario E., _d1948- , _eautor. |
|
| 245 | 1 | 3 |
_aEl legado de la sociedad andina ancestral / _cMario Osorio Olazábal. |
| 264 | 1 |
_aLima : _b[s.n.], _c2008. |
|
| 300 |
_a141 páginas : _bilustraciones ; _c21 cm. |
||
| 336 |
_atext _2rdacontent |
||
| 337 |
_aunmediated _2rdamedia |
||
| 338 |
_avolume _2rdacarrier |
||
| 500 | _aEn la portada: Del libro multimedia interactivo, el otro lado de la cumbre ancestral. | ||
| 504 | _aIncluye referencias bibliográficas. | ||
| 505 | 0 | _aLa hermandad Air -- La hermandad Aiar-Apéndice -- La Simbología andina -- La estructura social andina -- El espacio territorial. | |
| 526 | _aP136 | ||
| 526 | _aP135 | ||
| 526 | _aP134 | ||
| 526 | _aP133 | ||
| 526 | _aP144 | ||
| 526 | _aP143 | ||
| 526 | _aP87 | ||
| 526 | _aP35 | ||
| 526 | _aP20 | ||
| 526 | _aP14 | ||
| 526 | _aP10 | ||
| 526 | _aP06 | ||
| 541 | _g004-000771; | ||
| 650 | 0 | 4 | _aCulturas precolombinas. |
| 650 | 0 | 4 |
_aSimbolismo en el arte _zPerú _yEpoca Prehispánica. |
| 650 | 0 | 4 | _aIncas. |
| 651 |
_aPerú _xCivilización |
||
| 651 |
_aPerú _xHistoria _yEpoca Prehispánica. _94340 |
||
| 910 |
_afsr _cjck _d20130108 |
||
| 942 |
_2ddc _cBOOK |
||
| 949 |
_a985.01 O81 _wDEWEY _c1 _i66345 _lCCODEBUL1 _mBUL _p15.00 _r0 _sY _tBOOK _u2015-7-6 _xINGENIERIA _PP06 _o.STAFF. Colección General |
||
| 994 |
_aC0 _bPEPRU |
||
| 596 | _a1 | ||
| 999 |
_a985.01 O81 _wDEWEY _c54607 _i66345 _f2021-11-8 _g5 _lCCODEBUL1 _mBUL _p15.00 _r0 _sY _tBOOK _u2015-7-6 _xBIBLIOTECA _PP06 _0COMPRA _o.STAFF. Colección General _d54607 |
||
| 980 |
_81 _gALBERTO SANCHEZ Responsable de Automatización |
||